Temples and legends of Bengal, (Record no. 76224)

MARC details
000 -LEADER
fixed length control field 00729cam a22002531 4500
001 - CONTROL NUMBER
control field sa 67006901
003 - CONTROL NUMBER IDENTIFIER
control field DLC
005 - DATE AND TIME OF LATEST TRANSACTION
control field 20260227112411.0
008 - FIXED-LENGTH DATA ELEMENTS--GENERAL INFORMATION
fixed length control field 760913s1967 ii a b 000 0 eng
010 ## - LIBRARY OF CONGRESS CONTROL NUMBER
LC control number sa 67006901
035 ## - SYSTEM CONTROL NUMBER
System control number (OCoLC)2429035
040 ## - CATALOGING SOURCE
Original cataloging agency DLC
Transcribing agency NNU
Modifying agency DLC
042 ## - AUTHENTICATION CODE
Authentication code premarc
050 00 - LIBRARY OF CONGRESS CALL NUMBER
Classification number BL2030.B4
Item number R6
082 ## - DEWEY DECIMAL CLASSIFICATION NUMBER
Classification number 291.3/5
100 2# - MAIN ENTRY--PERSONAL NAME
Personal name Roy Choudhury, Pranab Chandra,
Dates associated with a name 1903-
245 10 - TITLE STATEMENT
Title Temples and legends of Bengal,
Statement of responsibility, etc. by P. C. Roy Choudhury.
250 ## - EDITION STATEMENT
Edition statement [1st ed.]
260 ## - PUBLICATION, DISTRIBUTION, ETC.
Place of publication, distribution, etc. Bombay,
Name of publisher, distributor, etc. Bharatiya Vidya Bhavan,
Date of publication, distribution, etc. 1967.
300 ## - PHYSICAL DESCRIPTION
Extent xix, 167 p.
Other physical details illus.
Dimensions 19 cm.
440 #0 - SERIES STATEMENT/ADDED ENTRY--TITLE
Title Bhavan's book university,
Volume/sequential designation 147
504 ## - BIBLIOGRAPHY, ETC. NOTE
Bibliography, etc. note Bibliographical footnotes.
650 #0 - SUBJECT ADDED ENTRY--TOPICAL TERM
Topical term or geographic name entry element Temples
Geographic subdivision India
-- Bengal.

No items available.

Powered by Koha